书目信息 |
| 题名: |
过程机械
|
|
| 作者: | 李志义 , 喻健良 , 刘志军 编著 | |
| 分册: | 上册 过程容器及设备 | |
| 出版信息: | 北京 化学工业出版社 2008.02 |
|
| 页数: | 265页 | |
| 开本: | 26cm | |
| 丛书名: | ||
| 单 册: | ||
| 中图分类: | TQ051 | |
| 科图分类: | ||
| 主题词: | 化工过程--hua gong guo cheng--化工机械--高等学校--教材 , 化工过程--hua gong guo cheng--化工设备--高等学校--教材 | |
| 电子资源: | ||
| ISBN: | 978-7-122-01601-0 | |
| 000 | 01154nam0 2200301 450 | |
| 001 | 012008575917 | |
| 005 | 20080512165014.93 | |
| 010 | @a978-7-122-01601-0@dCNY29.80 | |
| 100 | @a20080512d2008 em y0chiy0120 ea | |
| 101 | 0 | @achi |
| 102 | @aCN@b110000 | |
| 105 | @aak a 000yy | |
| 106 | @ar | |
| 200 | 1 | @a过程机械@Aguo cheng ji xie@h上册@i过程容器及设备@f李志义, 喻健良, 刘志军编著@Fli zhi yi,yu jian liang,liu zhi jun bian zhu |
| 210 | @a北京@c化学工业出版社@d2008.02 | |
| 215 | @a265页@c图@d26cm | |
| 300 | @a普通高等教育“十一五”国家级规划教材 | |
| 320 | @a有书目 (第 [264] -265页) | |
| 330 | @a本书将原化工机械与设备专业的化工容器、化工机器和化工设备三门专业课按照调整后的过程装备与工程控制专业的需要进行整合编写。 | |
| 517 | 1 | @a过程容器及设备@Aguo cheng rong qi ji she bei |
| 606 | 0 | @a化工过程@Ahua gong guo cheng@x化工机械@x高等学校@j教材 |
| 606 | 0 | @a化工过程@Ahua gong guo cheng@x化工设备@x高等学校@j教材 |
| 690 | @aTQ051@v4 | |
| 701 | 0 | @a李志义@Ali zhi yi@4编著 |
| 701 | 0 | @a喻健良@Ayu jian liang@4编著 |
| 701 | 0 | @a刘志军@Aliu zhi jun@4编著 |
| 801 | 0 | @aCN@bQSSK@c20080512 |
| 905 | @b710764-65@dTQ051@eL338:1@f2 | |
| 过程机械.上册.过程容器及设备/李志义, 喻健良, 刘志军编著.-北京:化学工业出版社,2008.02 |
| 265页:图;26cm |
| 普通高等教育“十一五”国家级规划教材 |
| ISBN 978-7-122-01601-0:CNY29.80 |
| 本书将原化工机械与设备专业的化工容器、化工机器和化工设备三门专业课按照调整后的过程装备与工程控制专业的需要进行整合编写。 |
| ● |
| 相关链接 |
|
|
|
正题名:过程机械
索取号:TQ051/L338:1
 
预约/预借
| 序号 | 登录号 | 条形码 | 馆藏地/架位号 | 状态 | 备注 |
| 1 | 710764 | 207107646 | 自科库501/501自科库 138排5列2层/ [索取号:TQ051/L338:1] | 在馆 | |
| 2 | 710765 | 207107655 | 自科库501/501自科库 138排5列2层/ [索取号:TQ051/L338:1] | 在馆 |